Statistics for Derbies #2

Click here to take the quiz!

General Stats

  • This quiz has been taken 14 times
  • The average score is 20 of 48

Answer Stats

Hint Answer % Correct
Munich DerbyBayern Munich
92%
Manchester DerbyManchester City
92%
Manchester DerbyManchester United
92%
Derbi barceloníBarcelona
85%
Tyne-Wear DerbyNewcastle United
85%
Seville DerbySevilla
85%
Tyne-Wear DerbySunderland
77%
Derby della MoleJuventus
77%
Derby della MoleTorino
69%
Basque DerbyAthletic Bilbao
69%
Munich DerbyTSV 1860 Munich
69%
Edinburgh DerbyHeart of Midlothian
69%
Derby della CapitaleRoma
62%
Seville DerbyReal Betis
62%
Derbi barceloníEspanyol
62%
Derby della CapitaleLazio
62%
Main Moscow DerbyCSKA Moskva
62%
Main Moscow DerbySpartak Moskva
62%
Second City DerbyAston Villa
54%
Edinburgh DerbyHibernian
54%
Eternal Derby (Bulgaria)CSKA Sofia
46%
Wien DerbyRapid Wien
46%
Second City DerbyBirmingham City
46%
Wien DerbyAustria Wien
46%
Eternal Derby (Bulgaria)Levski Sofia
38%
Rheinland Derby1. FC Köln
38%
Basque DerbyReal Sociedad
31%
Clásico Capitalino (Mexico)Club América
23%
Cairo DerbyAl-Ahly
23%
Derby della LanternaSampdoria
23%
Derby della LanternaGenoa
23%
A Derbi (Hungary)Ferencvárosi
23%
Rheinland DerbyBorussia Mönchengladbach
23%
Derby du NordLille OSC
15%
Clássico dos MilhõesFlamengo
15%
Clássico dos MilhõesVasco da Gama
15%
Tricity Derby (Poland)Lechia Gdańsk
8%
Cairo DerbyZamalek
8%
A Derbi (Hungary)Újpest
8%
Derby du NordRC Lens
8%
Casablanca DerbyRaja Casablanca
8%
Clásico Capitalino (Mexico)U.N.A.M.
8%
Tricity Derby (Poland)Arka Gdynia
0%
Great Silesian DerbyRuch Chorzów
0%
Great Silesian DerbyGórnik Zabrze
0%
Mostar DerbyVelež Mostar
0%
Mostar DerbyZrinjski Mostar
0%
Casablanca DerbyWydad Casablanca
0%

Score Distribution

Percentile by Number Answered

Percent of People with Each Score

Your Score History

You have not taken this quiz